Премудрости постолови (Запис номер 26489)
[ съкратено ]
| 000 -Лидер | |
|---|---|
| Контролно поле с фиксирана дължина | 01586nam a2200325 c 4500 |
| 003 - Код на организацията, давaща контролен номер | |
| Контролно поле | BLK |
| 005 - Дата и час на последна редакция | |
| Контролно поле | 20180420220101.0 |
| 008 - Елементи от данни с фиксирана дължина | |
| fixed length control field | 180413b bul|||||r ||||||| ||bul|| |
| 010 ## - Наследен системен номер | |
| LC control number | KNG00029038000 |
| 020 ## - Международен стандартен номер на книга ISBN | |
| Международен стандартен номер на книга ISBN | 954-07-1288-2 |
| -- | издат.: Унив. изд. Св. Климент Охридски - на том(т. 4) |
| 040 ## - Източник на каталожния запис | |
| Идентификатор на билиотеката - собственик на записа | BLK |
| 041 ## - Код за език | |
| Код за езика на текст/звукозапис или на отделно заглавие | Български |
| Код за езика КДБФ | Български |
| 080 ## - УДК | |
| Текстов определител УДК | Българска литература |
| УДК код - определител по УДК | 821.163.2 |
| УДК определител | -84 |
| УДК - код + определител | 821.163.2-84 |
| 100 1# - Редна дума - Автор | |
| Автор | Кръстов - Каменар, Константин |
| Авторска отговорност | първи автор |
| R(LIN) | 259018 |
| 139 ## - Редно поле | |
| Редна дума | Кръстов, Константин |
| Авторски знак | Кръ - К 92 |
| 245 10 - Сведения за заглавието | |
| Заглавие | Премудрости постолови |
| Подзаглавни данни | Афоризми ; Сентенции ; Главоврътки : Т. 1 - |
| Редно поле (дума) | Константин Кръстов; Константин Кръстов - Каменар; ил. Борис Димовски; предг. от на том Иван Славов. |
| Том | Т. 4 |
| Заглавие на том | Струмски саги |
| 257 ## - Страна на издаване | |
| Страна на създаване/издаване | България |
| 260 ## - Област на издателските данни | |
| -- | София |
| Година на издаване | 1999 |
| 300 ## - Физическа характеристика | |
| Размери/Мащаб | 20 см |
| 380 ## - Жанр | |
| Жанр | Худож. лит. |
| 700 1# - Други автори (авторска отговорност) | |
| Лично име | Кръстов, Константин |
| 9 (RLIN) | 259017 |
| 700 1# - Други автори (авторска отговорност) | |
| Лично име | Димовски, Борис |
| Автороска отговорност (Описва отношението между автора и произведението) | ил. |
| 9 (RLIN) | 242083 |
| 700 1# - Други автори (авторска отговорност) | |
| Лично име | Славов, Иван |
| Автороска отговорност (Описва отношението между автора и произведението) | предг. от на том |
| 9 (RLIN) | 268743 |
| 760 1# - Описание на основната серия | |
| -- | - на том(т. 4) |
| Редна дума на основното описание | Кръстов - Каменар, Константин |
| Място на издаване, издател и година | Унив. изд. Св. Климент Охридски, 1999 |
| Страници - том | 271 с. : с ил. |
| Заглавие | Т. 4 Струмски саги |
| 852 ## - Местоположение | |
| Форматна сигнатура | Цб 201850 |
| 856 4# - Електронен адрес и достъп | |
| Електронен формат | pdf - файл |
| Път до файла /url/ | |
| 856 4# - Електронен адрес и достъп | |
| Електронен формат | pdf - файл |
| Път до файла /url/ | |
| 942 ## - АРТИКУЛИ | |
| Вид на библиотечния материал | Книги |
| Скрит в OPAC | Не |
| 944 ## - СЪЗДАВАНЕ И РЕДАКЦИЯ на ЗАПИСА | |
| Създаване/Редакция | Създаване |
| Дата на регистрацията/редакция | 15.01.2003 |
| Служител, извършил регистрацията/редакцията | Геновева_Генчева |
| 944 ## - СЪЗДАВАНЕ И РЕДАКЦИЯ на ЗАПИСА | |
| Създаване/Редакция | Редакция |
| Дата на регистрацията/редакция | 16.03.2006 |
| Служител, извършил регистрацията/редакцията | |
| 999 ## - СИСТЕМНИ КОНТРОЛНИ НОМЕРА | |
| Koha biblionumber | 26489 |
| Koha biblioitemnumber | 26489 |
| Код за отписване | Код за изгубен артикул | Източник на класификационната схема | Код за повреда | Коз за рестрикции | Код за отдаване | Артикулен № | Име на библиотеката - собственик | Име на библиотеката, в която се намира в момента | Статус (Текущо местоположение) | Дата на вписване в системата | Местоположение - отдел | Цена в лева | Инвентарен номер | Систематично азбучна сигнатура | Баркод | Номер на екземпляра | Цена в евро | Служебна бележка | Служебен тип на артикула | Бележка за публиката |
|---|---|---|---|---|---|---|---|---|---|---|---|---|---|---|---|---|---|---|---|---|
| Не е изгубен | Universal Decimal Classification | Не е повреден | без рестрикции | ползва се в читалня | 43071 | Регионална библиотека "Любен Каравелов" Русе | Регионална библиотека "Любен Каравелов" Русе | Хранилище | 2001-01-01 | Хранилище | 0.00 | 652684 | Цб 201850 | 120000652684 | 1 | 0.00 | Дост: Dp Вид: Д N: 1 Дата: 01.01.2000 | Книги | ||
| Не е изгубен | Universal Decimal Classification | Не е повреден | без рестрикции | заемане за дома | 43072 | Регионална библиотека "Любен Каравелов" Русе | Регионална библиотека "Любен Каравелов" Русе | Заемна - подръчен фонд | 1999-01-01 | Заемна - подръчен фонд | 3.00 | 656945 | П 821.163.2-31/К 92 | 120000656945 | 2 | 1.53 | Дост: Pk Вид: Ф N: стар фонд Дата: 01.01.1999 Дата инв: 13.02.2018 Бележки инв: П2018 | Книги | ||
| Изтеглен | Не е изгубен | Не е повреден | без рестрикции | заемане за дома | 43073 | Регионална библиотека "Любен Каравелов" Русе | Регионална библиотека "Любен Каравелов" Русе | 1999-01-01 | Заемна - подръчен фонд | 3.00 | 656946 | П 886.7-8/К 92 | 656946 | 3 | 1.53 | Дост: Pk Вид: Ф N: стар фонд Дата: 01.01.1999 | Книги | Отч.N: 3 , Дата: 17.01.2018 | ||
| Изтеглен | Не е изгубен | Universal Decimal Classification | Не е повреден | без рестрикции | заемане за дома | 43074 | Регионална библиотека "Любен Каравелов" Русе | Регионална библиотека "Любен Каравелов" Русе | Заемна - подръчен фонд | 1999-01-01 | Заемна - подръчен фонд | 3.00 | 656947 | П 886.7-8/К 92 | 656947 | 4 | 1.53 | Дост: Pk Вид: Ф N: стар фонд Дата: 01.01.1999 Дата инв: 13.02.2018 Бележки инв: П2018 | Книги |